000 00928nam a2200217Ia 4500
003 Ost
005 20260507075054.0
008 260507s9999||||xx |||||||||||||| ||und||
040 _cfsecg
041 _aara
082 _a332.46
100 _aالتركماني، عدنان خالد
_eمؤلف
245 0 _aالسياسة النقدية و المصرفية في الإسلام /
_c عدنان خالد التركماني
260 _aعمان:
_bمؤسسة الرسالة,
_c1988
300 _a296 صفحة؛
_c24 سم
504 _aبيبليوغرافيا: ص.283
520 _aتجد في هذا الكتاب أنواع السياسات النقدية ،تنظيم الجهاز المصرفي وإدارة كمية النقود ،سياسة الإدخار والإستثمار ،أدوات السياسة النقدية
653 _aالبنوك
653 _aالسياسة النقدية
942 _cكتاب
999 _c42716
_d42716